| 000 | 00664cam a22002417a 4500 | ||
|---|---|---|---|
| 001 | 000832 | ||
| 003 | armpunfd | ||
| 005 | 20140612090622.0 | ||
| 008 | 030313e1997####xx#a##########000#0#und#d | ||
| 040 |
_aarmpunfd _carmpunfd |
||
| 080 | _a342.7 J 564 | ||
| 100 | 1 | 0 | _a Jimenez, Eduardo Pablo |
| 245 | 1 | 0 | _aLos derechos humanos de la tercera generacion |
| 260 |
_a Buenos Aires _b Ediar _c1997 |
||
| 300 | _a285p. | ||
| 650 | 7 |
_a Amparo _2LEMB |
|
| 650 | 7 |
_a Derecho Del Consumidor _2LEMB |
|
| 650 | 7 |
_a Derechos Humanos _2LEMB |
|
| 650 | 7 |
_a Medio Ambiente _2LEMB |
|
| 942 |
_cLB _2cdu |
||
| 945 |
_aCatalis _d2010-08-19 |
||
| 945 |
_aCatalis _d2010-08-19 |
||
| 999 |
_c823 _d231327 |
||